00471nam a22001337a 4500082003000000100002100030245005100051260006500102526003500167650001300202942001200215999001900227952009100246 a741.2172bHALcL-12, P-31 aHall B, J945821 aplan copying in black linesbfor hot countries aBritainbprinted in great Britain at the pitman press, bath  a0b0c0d30363_000000000000000 aMCE9379 2ddccBK c549261d549261 00102ddc4070aMCEbMCEd2014-09-22l0o30363pMCE-744.5r2014-09-22w2021-03-14yBK